Anuario oficial del Ministerio de Hacienda / (Record no. 2545)

MARC details
000 -LEADER
campo de control de longitud fija 00726nas a22002411i#4500
001 - NÚMERO DE CONTROL
campo de control 2545
003 - IDENTIFICADOR DE NÚMERO DE CONTROL
campo de control ES-MaACL
005 - FECHA Y HORA DE LA ÚLTIMA TRANSACCIÓN
campo de control 20250814062559.0
007 - CAMPO FIJO DE DESCRIPCIÓN FÍSICA--INFORMACIÓN GENERAL
campo de control de longitud fija t|
008 - DATOS DE LONGITUD FIJA--INFORMACIÓN GENERAL
campo de control de longitud fija 950801c1944 sp | | 1 ||pa d
080 ## - NÚMERO DE LA CLASIFICACIÓN DECIMAL UNIVERSAL
Número de la Clasificación Decimal Universal 460
245 00 - MENCIÓN DEL TÍTULO
Título Anuario oficial del Ministerio de Hacienda /
Mención de responsabilidad, etc. Ministerio de Hacienda.
260 ## - PUBLICACIÓN, DISTRIBUCIÓN, ETC.
Lugar de publicación, distribución, etc. [Madrid :
Nombre del editor, distribuidor, etc. Colegio de Huérfanos del Ministerio de Hacienda],
Fecha de publicación, distribución, etc. 1944-
300 ## - DESCRIPCIÓN FÍSICA
Extensión 2 v. ;
Dimensiones 28 cm.
310 ## - PERIODICIDAD ACTUAL
Periodicidad actual Anual
362 0# - FECHAS DE PUBLICACIÓN Y/O DESIGNACIÓN SECUENCIAL
Fecha de publicación y/o designación secuencial Año I (1944)-
650 14 - PUNTO DE ACCESO ADICIONAL DE MATERIA--TÉRMINO DE MATERIA
Término de materia o nombre geográfico como elemento de entrada Administración pública.
9 (RLIN) 9646
650 #4 - PUNTO DE ACCESO ADICIONAL DE MATERIA--TÉRMINO DE MATERIA
Término de materia o nombre geográfico como elemento de entrada Instituciones científicas y diversas
9 (RLIN) 13829
710 00 - ENTRADA AGREGADA--NOMBRE DE ENTIDAD CORPORATIVA
Nombre de entidad corporativa o nombre de jurisdicción como elemento de entrada España.
Unidad subordinada Ministerio de Hacienda.
9 (RLIN) 3874
852 ## - LOCALIZACIÓN
Ubicación ES-MaACL
Número de control de estantería E-9847-8
866 #0 - MENCIÓN TEXTUAL DE FONDOS--UNIDAD BIBLIOGRÁFICA BÁSICA
Fondos 1944,1946-47.
Holdings
Estatus retirado Estado de pérdida Estado de daño No para préstamo Colección Biblioteca de origen Biblioteca actual Ubicación en estantería Fecha de adquisición Fuente de adquisición Total de préstamos Signatura topográfica completa Código de barras Visto por última vez Precio de reemplazo Tipo de ítem Koha
        Periódicos y Revistas Biblioteca del Ateneo de Madrid Biblioteca del Ateneo de Madrid Depósito 2 17/01/2008     E-9847-8 1002588 23/02/2023 23/02/2023 Revista